000 00202 a2200097 4500
001 84162
090 _c40048
_d40047
100 _aRaza Ali Aabdi
245 _aGernaili Sarrak
260 _bSang-e-Meel Publications
942 _aNUST-CAE
999 _c319235
_d319235